000
00311nam a2200133Ia 4500
005
20251222144746.0
008
251222s9999||||xx |||||||||||||| ||spa||
020
_a
84-7774-129-8
082
_a
371.9/V99
100
_a
Vygotski, Lev Semiónovic
245
0
_a
Obras Escogidas:
264
_b
Visor
942
_c
LIB
999
_c
19159
_d
19159